Diploma teacher education syllabus Volume Four Languages (Record no. 1464)

000 -LEADER
fixed length control field 00563nam a22001817a 4500
003 - CONTROL NUMBER IDENTIFIER
control field OSt
005 - DATE AND TIME OF LATEST TRANSACTION
control field 20150114134916.0
008 - FIXED-LENGTH DATA ELEMENTS--GENERAL INFORMATION
fixed length control field 150114b xxu||||| |||| 00| 0 eng d
020 ## - INTERNATIONAL STANDARD BOOK NUMBER
International Standard Book Number 9966310053
050 ## - LIBRARY OF CONGRESS CALL NUMBER
Classification number LB 2372.E3M5 2008
110 ## - MAIN ENTRY--CORPORATE NAME
Corporate name or jurisdiction name as entry element Ministry of Education
245 ## - TITLE STATEMENT
Title Diploma teacher education syllabus Volume Four Languages
Statement of responsibility, etc Ministry of Education
260 ## - PUBLICATION, DISTRIBUTION, ETC. (IMPRINT)
Place of publication, distribution, etc Nairobi
Name of publisher, distributor, etc Kenya Institute of Education
Date of publication, distribution, etc 2008
300 ## - PHYSICAL DESCRIPTION
Extent 164p.
654 ## - SUBJECT ADDED ENTRY--FACETED TOPICAL TERM
Focus term Education Curriculum
Form subdivision Study and teaching
654 ## - SUBJECT ADDED ENTRY--FACETED TOPICAL TERM
Focus term Education, Higher
Form subdivision Study and teaching
942 ## - ADDED ENTRY ELEMENTS (KOHA)
Source of classification or shelving scheme
Koha item type Book
Holdings
Withdrawn status Lost status Source of classification or shelving scheme Damaged status Not for loan Home library Current library Shelving location Date acquired Total Checkouts Full call number Barcode Date last seen Date checked out Copy number Price effective from Koha item type
          Riara University Library Riara University Library General stack 14/01/2015 3 LB 2372.E3M5 2008 5227/15 27/01/2017 18/01/2017 C.1 14/01/2015 Book

Riara University Library,
P.O. Box 49940-00100,
Nairobi, Kenya.